Matter

This book is presented about properties of matter; putting it all together; ...

में बचाया:
ग्रंथसूची विवरण
स्वरूप: पुस्तक
भाषा:Undetermined
प्रकाशित: New York Mcgraw-Hill School /School division 2000
विषय:
टैग : टैग जोड़ें
कोई टैग नहीं, इस रिकॉर्ड को टैग करने वाले पहले व्यक्ति बनें!
Thư viện lưu trữ: Trung tâm Học liệu Trường Đại học Cần Thơ
LEADER 00634nam a2200193Ia 4500
001 CTU_141126
008 210402s9999 xx 000 0 und d
082 |a 372.3 
082 |b M435/Vol.5 
245 0 |a Matter 
245 0 |c Richard Moyer,...[et al. ] 
260 |a New York 
260 |b Mcgraw-Hill School /School division 
260 |c 2000 
520 |a This book is presented about properties of matter; putting it all together; ... 
650 |a Science,Science,Khoa học 
650 |x Study and teaching (Elementary),Textbooks,Dạy và học 
904 |i Năm 
980 |a Trung tâm Học liệu Trường Đại học Cần Thơ